000 00352nam a22001577a 4500
003 MPLRDC
005 20220104142857.0
008 210129b ||||| |||| 00| 0 eng d
082 _a191.32 LXG
100 _a罗新桂编著
245 _a开放的谈吐
_c
260 _a
_b文新书屋
_c
300 _b
650 _a
942 _cBK
_o191.32 LXG
999 _c34464
_d34454